World Capitals Containing W - Statistics

General Stats
  • This quiz has been taken 5,511 times
  • The average score is 11 of 18
Answer Stats
capital % Correct
Washington
95%
Warsaw
94%
Wellington
91%
Windhoek
77%
Moscow
75%
Ottawa
72%
Georgetown
59%
Freetown
56%
Kuwait City
56%
Naypyidaw
56%
Kingstown
54%
South Tarawa
54%
Bridgetown
53%
Lilongwe
53%
New Delhi
53%
Cape Town
48%
Sri Jayewarde- nepura Kotte
38%
Bandar Seri Begawan
37%
No matching quizzes found
Score Distribution
Percent of People with Each Score
Percentile by Number Answered
Your Score History
You have not taken this quiz